[Event "Chigorin Memorial"]
[Site "St Petersburg"]
[Date "2015.10.08"]
[Round "6.10"]
[White "Andriasian, Zaven"]
[Black "Ushenina, Anna"]
[Result "1-0"]
[WhiteElo "2591"]
[BlackElo "2426"]
[PlyCount "111"]
[EventDate "2015.10.03"]
[EventRounds "9"]
[EventCountry "RUS"]
[WhiteClock "0:13:47"]
[BlackClock "0:24:13"]

1. Nf3 d5 2. g3 Bg4 3. Bg2 c6 4. c4 e6 5. cxd5 Bxf3 6. Bxf3 cxd5 7. O-O Nc6 8.
Nc3 Nf6 9. d3 Be7 10. e4 dxe4 11. dxe4 Nd7 12. Bf4 Nde5 13. Be2 O-O 14. Be3 Qa5
15. Qa4 a6 16. Rac1 b5 17. Qb3 Rfc8 18. Rfd1 Bd8 19. a3 Bb6 20. Bxb6 Qxb6 21.
Na4 Qa7 22. Nc5 Nd4 23. Rxd4 Rxc5 24. Rcd1 g6 25. a4 Rc1 26. Kg2 Rxd1 27. Qxd1
bxa4 28. Rxa4 Qb7 29. Qd4 Nc6 30. Qc3 a5 31. Rc4 Nb4 32. h4 Re8 33. h5 e5 34.
h6 Qe7 35. Rc7 Qd6 36. Qc5 Qxc5 37. Rxc5 a4 38. Bb5 Rb8 39. Rxe5 Kf8 40. Rc5
Ke7 41. Bxa4 Nd3 42. Rc7+ Kf6 43. b3 g5 44. Rc6+ Ke5 45. Kf3 g4+ 46. Ke3 Nb2
47. Rc5+ Kf6 48. Rc2 Nxa4 49. bxa4 Kg5 50. Ra2 Rb6 51. a5 Ra6 52. Ra4 Kxh6 53.
Kf4 Kh5 54. e5 h6 55. f3 gxf3 56. Kf5 1-0

[Event "Chigorin Memorial"]
[Site "St Petersburg"]
[Date "2015.10.08"]
[Round "6.11"]
[White "Esen, Baris"]
[Black "Tunik, Gennady"]
[Result "1/2-1/2"]
[WhiteElo "2570"]
[BlackElo "2420"]
[PlyCount "99"]
[EventDate "2015.10.03"]
[EventRounds "9"]
[EventCountry "RUS"]
[WhiteClock "0:24:05"]
[BlackClock "0:44:51"]

1. d4 Nf6 2. c4 e6 3. Nf3 b6 4. a3 Ba6 5. Qc2 Bb7 6. Nc3 c5 7. dxc5 bxc5 8. Bf4
Be7 9. h3 O-O 10. e3 d5 11. Rd1 d4 12. Be2 Nc6 13. O-O a6 14. Rd2 Bd6 15. Bxd6
Qxd6 16. Bd3 g6 17. exd4 Nxd4 18. Nxd4 cxd4 19. Ne4 Bxe4 20. Bxe4 Rac8 21. Bf3
a5 22. Rb1 Qc5 23. Be2 Rb8 24. b4 axb4 25. axb4 Rxb4 26. Rxb4 Qxb4 27. Rxd4 Qc5
28. Rd1 Rc8 29. Qd3 Qe5 30. Bf3 Rc7 31. Qb3 Ra7 32. g3 Kg7 33. Kg2 Ra5 34. Qd3
Ra2 35. Rd2 Rxd2 36. Qxd2 Qc5 37. Qc3 e5 38. Bd5 Qd6 39. Qa5 h5 40. h4 Nxd5 41.
cxd5 e4 42. Qc3+ Qf6 43. Qe3 Qe5 44. Qc5 Kf6 45. Kf1 e3 46. Qb6+ Ke7 47. Qa7+
Kf6 48. Qb6+ Ke7 49. Qb4+ Kf6 50. Qb6+ 1/2-1/2

[Event "Chigorin Memorial"]
[Site "St Petersburg"]
[Date "2015.10.08"]
[Round "6.12"]
[White "Atabayev, Yusup"]
[Black "Belous, Vladimir"]
[Result "0-1"]
[WhiteElo "2428"]
[BlackElo "2566"]
[PlyCount "50"]
[EventDate "2015.10.03"]
[EventRounds "9"]
[EventCountry "RUS"]
[WhiteClock "0:32:53"]
[BlackClock "0:20:29"]

1. e4 c5 2. Nf3 Nc6 3. Nc3 e6 4. d4 cxd4 5. Nxd4 a6 6. Nxc6 bxc6 7. Bd3 d5 8.
O-O Nf6 9. Qf3 Be7 10. Re1 O-O 11. Bg5 h6 12. Bf4 Nd7 13. Ne2 e5 14. exd5 exf4
15. Nd4 Bd6 16. Nxc6 Qg5 17. c4 Nc5 18. Bf1 a5 19. b3 Bg4 20. Qc3 Rfe8 21. Qd4
Bf5 22. Rac1 f3 23. g3 Ne4 24. Qb2 Bxg3 25. hxg3 Nxg3 0-1

[Event "Chigorin Memorial"]
[Site "St Petersburg"]
[Date "2015.10.08"]
[Round "6.13"]
[White "Smirnov, Artem"]
[Black "Can, Emre"]
[Result "0-1"]
[WhiteElo "2419"]
[BlackElo "2531"]
[PlyCount "82"]
[EventDate "2015.10.03"]
[EventRounds "9"]
[EventCountry "RUS"]

1. d4 Nf6 2. c4 e6 3. Nf3 c5 4. d5 exd5 5. cxd5 d6 6. Nc3 g6 7. Bf4 Bg7 8. Qa4+
Bd7 9. Qb3 b5 10. Bxd6 Qb6 11. Be5 O-O 12. e3 c4 13. Qd1 b4 14. Ne2 Rc8 15. Nf4
c3 16. bxc3 bxc3 17. Bd3 Qa5 18. O-O Ba4 19. Bc2 Bxc2 20. Qxc2 Nxd5 21. Nxd5
Qxd5 22. Rfd1 Qa5 23. Bxg7 Kxg7 24. Qb3 Nc6 25. Rd7 Nd8 26. Rd5 Qc7 27. Rc1
Rab8 28. Qa3 Qb7 29. Rdd1 Qb2 30. Qxa7 c2 31. Rf1 Nc6 32. Qd7 Rd8 33. Qxc6 Qxc1
34. Qc3+ Kg8 35. Rxc1 Rd1+ 36. Ne1 Rxc1 37. Kf1 Rbb1 38. Qc8+ Kg7 39. Qc3+ Kh6
40. g4 Rxe1+ 41. Kg2 Rg1+ 0-1

[Event "Chigorin Memorial"]
[Site "St Petersburg"]
[Date "2015.10.08"]
[Round "6.14"]
[White "Stupak, Kirill"]
[Black "Sarana, Alexey"]
[Result "1/2-1/2"]
[WhiteElo "2531"]
[BlackElo "2413"]
[PlyCount "80"]
[EventDate "2015.10.03"]
[EventRounds "9"]
[EventCountry "RUS"]

1. d4 Nf6 2. Nf3 g6 3. g3 Bg7 4. c4 c6 5. Bg2 d5 6. O-O dxc4 7. a4 Ne4 8. Qc2
Nd6 9. e4 O-O 10. Na3 Na6 11. Nxc4 Nxc4 12. Qxc4 Be6 13. Qc3 c5 14. Be3 Rc8 15.
Qd2 cxd4 16. Nxd4 Nc5 17. Ra3 Bc4 18. Rd1 Ne6 19. e5 Bxe5 20. Bxb7 Nxd4 21.
Bxd4 Qxd4 22. Qxd4 Bxd4 23. Rxd4 Rfd8 24. Rxd8+ Rxd8 25. Rc3 Rd4 26. Kg2 Be6
27. a5 Rb4 28. a6 Rxb2 29. Rc7 Rb6 30. Rxe7 Kg7 31. Rc7 g5 32. Kf3 Kf6 33. Ke3
h6 34. Kd4 Rb4+ 35. Ke3 Rb3+ 36. Kd4 Rb4+ 37. Ke3 Ra4 38. Rc5 Ra3+ 39. Kd4 Ra4+
40. Ke3 Ra3+ 1/2-1/2

[Event "Chigorin Memorial"]
[Site "St Petersburg"]
[Date "2015.10.08"]
[Round "6.15"]
[White "Ponfilenok, Vladimir"]
[Black "Matsenko, Sergei"]
[Result "1-0"]
[WhiteElo "2395"]
[BlackElo "2531"]
[PlyCount "137"]
[EventDate "2015.10.03"]
[EventRounds "9"]
[EventCountry "RUS"]

1. d4 Nf6 2. c4 e6 3. g3 d5 4. Bg2 a6 5. Nf3 dxc4 6. O-O Nc6 7. e3 Rb8 8. Nfd2
e5 9. Nxc4 exd4 10. Bxc6+ bxc6 11. exd4 Be7 12. Nc3 O-O 13. Ne5 Bb7 14. Bg5 Ba8
15. Qe2 h6 16. Bxf6 Bxf6 17. Rad1 Rb4 18. Ne4 Bxe5 19. dxe5 Qe7 20. a3 Rb5 21.
f4 Rfb8 22. Rd2 c5 23. Nc3 R5b6 24. h4 f6 25. Re1 fxe5 26. Qxe5 Qf7 27. Ree2 c4
28. Kh2 Bf3 29. Rf2 Re8 30. Qc5 Rc6 31. Qa7 Qh5 32. Rf1 Rg6 33. Qf2 Bb7 34. f5
Rf6 35. Rd4 Qf7 36. Qf4 c5 37. Rd6 Kh8 38. g4 Ba8 39. Rxf6 Qxf6 40. g5 Qc6 41.
Rg1 Qb7 42. Qf2 Qb8+ 43. Kh3 Qd6 44. gxh6 Qxh6 45. Rg6 Qh5 46. Rg5 Qf7 47. Qxc5
Re1 48. Kg4 Bb7 49. Qd4 Re8 50. Qd6 Bc8 51. Qd5 Qxd5 52. Nxd5 Re5 53. Nb6 Rc5
54. Nxc8 Rxc8 55. Rg6 Rb8 56. Rc6 Rxb2 57. Rxc4 Rb6 58. Kg5 Kh7 59. Rc7 Rb3 60.
f6 Rxa3 61. Rxg7+ Kh8 62. Kg6 Rf3 63. Kf7 Rh3 64. Rg4 a5 65. Kf8 Rb3 66. Rg5
Rb8+ 67. Kf7 Rb7+ 68. Kg6 Kg8 69. Re5 1-0

[Event "Chigorin Memorial"]
[Site "St Petersburg"]
[Date "2015.10.08"]
[Round "6.16"]
[White "Lobanov, Sergei"]
[Black "Predke, Alexandr"]
[Result "1-0"]
[WhiteElo "2394"]
[BlackElo "2527"]
[PlyCount "93"]
[EventDate "2015.10.03"]
[EventRounds "9"]
[EventCountry "RUS"]

1. e4 e5 2. Nf3 Nc6 3. Bb5 a6 4. Ba4 Nf6 5. O-O Be7 6. Re1 b5 7. Bb3 d6 8. a4
Bd7 9. c3 O-O 10. d4 h6 11. Nbd2 Re8 12. Nf1 Bf8 13. Ng3 Na5 14. Bc2 c5 15. d5
c4 16. h3 Nb7 17. Be3 Nc5 18. axb5 axb5 19. Nh2 Qb6 20. Qf3 Nh7 21. Nf5 b4 22.
Ng4 Kh8 23. Nfxh6 gxh6 24. Nxh6 Bxh6 25. Bxh6 Rab8 26. Qxf7 Rg8 27. cxb4 Qxb4
28. Re3 Qd2 29. Qe7 Rg6 30. Rb3 Nxb3 31. Bxd2 Nxa1 32. Qxd7 Nxc2 33. h4 Rxb2
34. Qd8+ Kg7 35. h5 Rf6 36. h6+ Kg6 37. Qg8+ Kh5 38. Qxh7 c3 39. Bxc3 Rb1+ 40.
Kh2 Rxf2 41. Qg7 Ne3 42. h7 Rb8 43. h8=Q+ Rxh8 44. Qxh8+ Kg4 45. Qh3+ Kf4 46.
Qh4+ Ng4+ 47. Kh3 1-0

[Event "Chigorin Memorial"]
[Site "St Petersburg"]
[Date "2015.10.08"]
[Round "6.17"]
[White "Levin, Evgeny A"]
[Black "Siva, Mahadevan"]
[Result "1-0"]
[WhiteElo "2508"]
[BlackElo "2392"]
[PlyCount "101"]
[EventDate "2015.10.03"]
[EventRounds "9"]
[EventCountry "RUS"]

1. d4 d5 2. c4 e6 3. Nc3 c6 4. e3 Nd7 5. Nf3 Ngf6 6. Qc2 Bd6 7. Bd3 O-O 8. O-O
dxc4 9. Bxc4 b5 10. Bd3 Bb7 11. a3 a6 12. Ng5 h6 13. Nge4 Be7 14. b4 a5 15. Rb1
axb4 16. axb4 Nd5 17. Nc5 Nxc5 18. dxc5 Nxc3 19. Qxc3 Bf6 20. Qc2 Qe7 21. Rd1
Rfd8 22. Bb2 Bxb2 23. Qxb2 Qf6 24. Qxf6 gxf6 25. Be2 Kf8 26. Rxd8+ Rxd8 27. Rd1
Rxd1+ 28. Bxd1 f5 29. Bf3 Ke7 30. g3 e5 31. Kf1 e4 32. Bh5 Bc8 33. f4 Be6 34.
Ke1 Kf6 35. Kd2 Bc8 36. Kc3 Be6 37. Kd4 Bd5 38. Be2 Be6 39. h3 Bc8 40. g4 Be6
41. gxf5 Bxf5 42. Bf1 h5 43. h4 Ke6 44. Bg2 Bg6 45. Bxe4 Bxe4 46. Kxe4 f5+ 47.
Kd4 Kf6 48. e4 Ke6 49. Ke3 Kf6 50. exf5 Kxf5 51. Kf3 1-0

[Event "Chigorin Memorial"]
[Site "St Petersburg"]
[Date "2015.10.08"]
[Round "6.18"]
[White "Kotlyar, Kirill"]
[Black "Kharchenko, Boris"]
[Result "0-1"]
[WhiteElo "2370"]
[BlackElo "2500"]
[PlyCount "104"]
[EventDate "2015.10.03"]
[EventRounds "9"]
[EventCountry "RUS"]

1. c4 c6 2. Nf3 d5 3. e3 Nf6 4. b3 Bf5 5. Bb2 e6 6. h3 h6 7. Be2 Nbd7 8. O-O
Bd6 9. d4 O-O 10. Nbd2 Qb8 11. a3 Ne4 12. Rc1 a6 13. Nxe4 Bxe4 14. Nd2 Bh7 15.
Re1 Nf6 16. Bf3 Rd8 17. Qe2 b5 18. cxd5 cxd5 19. g4 Rc8 20. Bg2 Ra7 21. Rxc8+
Qxc8 22. Rc1 Rc7 23. Rxc7 Qxc7 24. Qd1 b4 25. a4 Qc2 26. Qxc2 Bxc2 27. Bf1 Ne4
28. Nxe4 Bxe4 29. Bxa6 Bc2 30. Bb5 Bxb3 31. Kf1 Kf8 32. Ke2 Bc4+ 33. Kd2 Ke7
34. f3 Kd8 35. Kc2 Kc7 36. Bc1 f6 37. Bd2 Kb6 38. Kb2 e5 39. f4 exd4 40. exd4
Ka5 41. Kc2 Bc7 42. Kb2 g5 43. f5 Bb6 44. Be3 Bxb5 45. axb5 Ka4 46. Ka2 b3+ 47.
Kb2 Kb4 48. Bg1 Kc4 49. Bf2 Ba5 50. Ka3 Bb4+ 51. Kb2 Bc3+ 52. Kb1 Kxb5 0-1

[Event "Chigorin Memorial"]
[Site "St Petersburg"]
[Date "2015.10.08"]
[Round "6.19"]
[White "Sanzhaev, Darsen"]
[Black "Paravyan, David"]
[Result "0-1"]
[WhiteElo "2378"]
[BlackElo "2486"]
[PlyCount "114"]
[EventDate "2015.10.03"]
[EventRounds "9"]
[EventCountry "RUS"]

1. d4 Nf6 2. c4 e6 3. Nc3 Bb4 4. e3 b6 5. Nge2 Bb7 6. a3 Bf8 7. d5 g6 8. g3 Bg7
9. Bg2 exd5 10. cxd5 O-O 11. O-O c5 12. h3 d6 13. g4 Nbd7 14. Ng3 c4 15. g5 Ne8
16. f4 Nc5 17. h4 Nd3 18. Rb1 Nxc1 19. Rxc1 f6 20. Nb5 Nc7 21. Nd4 b5 22. e4
Qe7 23. Qd2 fxg5 24. hxg5 h6 25. Nf3 hxg5 26. Nxg5 Qf6 27. Rc2 Qd4+ 28. Qxd4
Bxd4+ 29. Kh2 Bc5 30. Bh3 Rae8 31. f5 Be3 32. Ne6 Nxe6 33. dxe6 Bd4 34. Rf4
Rxe6 35. Rg4 Re7 36. Rg2 Rf6 37. Nh5 Bxe4 38. Nxf6+ Bxf6 39. Rxg6+ Kf7 40. Re2
Re5 41. Kg1 d5 42. Bg2 Bxf5 43. Rxe5 Kxg6 44. Re2 d4 45. Bd5 d3 46. Rg2+ Kh6
47. Rh2+ Kg5 48. a4 Bxb2 49. Rxb2 c3 50. Rg2+ Kf4 51. Bb3 bxa4 52. Bxa4 c2 53.
Bxc2 dxc2 54. Rxc2 Bxc2 55. Kf2 Ke4 56. Ke2 Kd4 57. Kd2 Bh7 0-1

[Event "Chigorin Memorial"]
[Site "St Petersburg"]
[Date "2015.10.08"]
[Round "6.20"]
[White "Martynov, Pavel"]
[Black "Atabayev, Maksat"]
[Result "1/2-1/2"]
[WhiteElo "2369"]
[BlackElo "2483"]
[PlyCount "79"]
[EventDate "2015.10.03"]
[EventRounds "9"]
[EventCountry "RUS"]

1. e4 c5 2. Nf3 Nc6 3. Nc3 g6 4. d4 cxd4 5. Nxd4 Bg7 6. Nb3 Nf6 7. Be2 O-O 8.
O-O d6 9. Bg5 b6 10. f4 Bb7 11. Bf3 Nd7 12. Re1 Re8 13. Qd2 Na5 14. Nxa5 bxa5
15. Kh1 Nb6 16. Be2 Qc7 17. Bb5 Rec8 18. Rad1 Bxc3 19. bxc3 f6 20. Bh6 Qc5 21.
Qe2 Qxc3 22. Qg4 Kf7 23. e5 f5 24. Qg5 dxe5 25. Rxe5 Rc7 26. Rde1 Nd5 27. Ba4
Ba6 28. Bb3 Bc4 29. Bxc4 Qxc4 30. Rxf5+ gxf5 31. Qxf5+ Kg8 32. Qg5+ Kf7 33.
Qg7+ Ke8 34. Qg8+ Kd7 35. Qe6+ Ke8 36. Qg8+ Kd7 37. Qe6+ Ke8 38. Qg8+ Kd7 39.
Qe6+ Ke8 40. Qg8+ 1/2-1/2

[Event "Chigorin Memorial"]
[Site "St Petersburg"]
[Date "2015.10.08"]
[Round "6.21"]
[White "Matinian, Nikita"]
[Black "Khanin, Semen"]
[Result "1/2-1/2"]
[WhiteElo "2473"]
[BlackElo "2359"]
[PlyCount "143"]
[EventDate "2015.10.03"]
[EventRounds "9"]
[EventCountry "RUS"]

1. e4 e5 2. Nf3 Nc6 3. Bb5 Nf6 4. O-O Nxe4 5. Re1 Nd6 6. Nxe5 Be7 7. Bf1 Nxe5
8. Rxe5 O-O 9. Nc3 Bf6 10. Re1 Nf5 11. Nd5 c6 12. Qf3 d6 13. Nxf6+ Qxf6 14. c3
Be6 15. d4 Rfe8 16. Bd2 Re7 17. Bd3 Rae8 18. h3 Bd7 19. Rxe7 Rxe7 20. b4 d5 21.
a4 Nd6 22. Qxf6 gxf6 23. Bf4 Nc4 24. b5 Re8 25. bxc6 Bxc6 26. a5 Bb5 27. Rb1
Bc6 28. Bxc4 dxc4 29. Bh6 a6 30. g4 Re6 31. Be3 Bd5 32. Kh2 Kg7 33. Kg3 Kg6 34.
h4 Re4 35. h5+ Kg7 36. Rb6 Re6 37. Rb2 Re4 38. Rb6 Re6 39. Rb1 Re4 40. Re1 Kf8
41. h6 Ke7 42. f3 Re6 43. Kf2 Bc6 44. Rh1 Rd6 45. Bc1 Rd5 46. Ba3+ Kd8 47. Bc5
Bd7 48. Re1 Be6 49. Kg3 Rg5 50. Rb1 Kc7 51. Kf4 Rg8 52. Rf1 Rg5 53. Kg3 Kd7 54.
Rb1 Kc6 55. Ra1 Rg6 56. Rb1 Rxh6 57. Rb6+ Kc7 58. Bd6+ Kc8 59. Be7 Rg6 60. Rd6
h5 61. d5 Bd7 62. Rxf6 Rxf6 63. Bxf6 hxg4 64. fxg4 Ba4 65. Kf4 Kd7 66. Ke5 Bd1
67. g5 Be2 68. Kd4 Bf1 69. Kc5 Be2 70. Kb6 Kc8 71. d6 Bf3 72. Bd4 1/2-1/2

[Event "Chigorin Memorial"]
[Site "St Petersburg"]
[Date "2015.10.08"]
[Round "6.22"]
[White "Savitskiy, Sergey"]
[Black "Lugovskoy, Maxim"]
[Result "1/2-1/2"]
[WhiteElo "2333"]
[BlackElo "2470"]
[PlyCount "81"]
[EventDate "2015.10.03"]
[EventRounds "9"]
[EventCountry "RUS"]

1. e4 e6 2. d4 d5 3. Nd2 Nf6 4. e5 Nfd7 5. Bd3 c5 6. c3 Nc6 7. Ne2 cxd4 8. cxd4
f6 9. Nf4 Nxd4 10. Qh5+ Ke7 11. exf6+ Nxf6 12. Ng6+ hxg6 13. Qxh8 Kf7 14. Qh4
e5 15. Nf3 Nxf3+ 16. gxf3 Bf5 17. Bxf5 gxf5 18. Bg5 Qb6 19. Rc1 Be7 20. O-O d4
21. Qh3 g6 22. Qh6 Re8 23. Rc2 Bf8 24. Qh3 Bg7 25. Rfc1 Nd5 26. Rc5 Nc3 27.
bxc3 Qxc5 28. cxd4 Qa5 29. dxe5 Rxe5 30. Qf1 Rc5 31. Rd1 Qb5 32. Qxb5 Rxb5 33.
Rd7+ Kg8 34. Rd8+ Kf7 35. Rd7+ Kg8 36. Rd8+ Kh7 37. Rd7 Rb1+ 38. Kg2 Kg8 39.
Rd8+ Kf7 40. Rd7+ Kg8 41. Rd8+ 1/2-1/2

[Event "Chigorin Memorial"]
[Site "St Petersburg"]
[Date "2015.10.08"]
[Round "6.23"]
[White "Ibadov, Dashgyn"]
[Black "Amonatov, Farrukh"]
[Result "0-1"]
[WhiteElo "2246"]
[BlackElo "2591"]
[PlyCount "128"]
[EventDate "2015.10.03"]
[EventRounds "9"]
[EventCountry "RUS"]

1. e4 c5 2. Nf3 d6 3. d4 cxd4 4. Nxd4 Nf6 5. Nc3 a6 6. h3 e5 7. Nde2 h5 8. g3
Be6 9. Bg2 Nbd7 10. Be3 Be7 11. O-O Rc8 12. a4 h4 13. g4 O-O 14. a5 Nh7 15. f4
exf4 16. Nxf4 Ne5 17. Ncd5 Bg5 18. Bb6 Qe8 19. b3 Nf6 20. c4 Bxd5 21. Nxd5 Ned7
22. Nxf6+ Bxf6 23. Rxf6 Nxf6 24. Qxd6 Nxe4 25. Qd5 Ng3 26. Qg5 Rc6 27. Rd1 Rf6
28. Qd2 Ne2+ 29. Kh1 Qe5 30. Qe3 Ng3+ 31. Kg1 Qb2 32. Bd5 Ne2+ 33. Kh1 Nc3 34.
Re1 Nxd5 35. cxd5 Rxb6 36. axb6 Qf6 37. Rd1 Rd8 38. d6 Rxd6 39. Rxd6 Qxd6 40.
Qe8+ Qf8 41. Qd7 Qb8 42. Qc7 Qe8 43. Qxb7 Qe1+ 44. Kg2 Qg3+ 45. Kf1 Qxh3+ 46.
Ke1 Qe3+ 47. Kf1 Qf4+ 48. Kg2 Qxg4+ 49. Kh1 Qh3+ 50. Kg1 Qg3+ 51. Kh1 h3 52.
Qc6 g5 53. b7 Kg7 54. Qe4 a5 55. Qd5 f6 56. Qc6 g4 57. Qd7+ Kh6 58. Qd2+ Kg6
59. Qd5 Qe1+ 60. Kh2 Qf2+ 61. Kh1 Qf1+ 62. Kh2 Qf4+ 63. Kg1 Kh6 64. Kh1 g3 0-1

[Event "Chigorin Memorial"]
[Site "St Petersburg"]
[Date "2015.10.08"]
[Round "6.24"]
[White "Kokarev, Dmitry"]
[Black "Shevchenko, Kirill"]
[Result "1-0"]
[WhiteElo "2603"]
[BlackElo "2359"]
[PlyCount "81"]
[EventDate "2015.10.03"]
[EventRounds "9"]
[EventCountry "RUS"]

1. g3 Nf6 2. Bg2 d5 3. Nf3 e6 4. O-O c5 5. d3 Nc6 6. Nbd2 g6 7. e4 Bg7 8. exd5
Nxd5 9. c3 b6 10. Nb3 Bb7 11. d4 cxd4 12. Nbxd4 Nxd4 13. Nxd4 Qd7 14. c4 Nf6
15. Nxe6 Bxg2 16. Nxg7+ Kf8 17. Qxd7 Nxd7 18. Ne6+ fxe6 19. Kxg2 Ne5 20. Rd1
Ke8 21. b3 Rf8 22. Rd6 Rf5 23. f4 Nf7 24. Rxe6+ Kd7 25. Re2 Re8 26. Rxe8 Kxe8
27. Be3 Kd7 28. g4 Rf6 29. Rd1+ Kc6 30. h3 a6 31. a4 Nd6 32. Kf3 h5 33. gxh5
gxh5 34. Rd5 Nf5 35. Bf2 Rf8 36. b4 Rf7 37. b5+ axb5 38. Rxb5 Nd6 39. Rxb6+ Kc7
40. c5 Nc4 41. Ra6 1-0

[Event "Chigorin Memorial"]
[Site "St Petersburg"]
[Date "2015.10.08"]
[Round "6.25"]
[White "Derakhshani, Dorsa"]
[Black "Bok, Benjamin"]
[Result "1/2-1/2"]
[WhiteElo "2356"]
[BlackElo "2591"]
[PlyCount "132"]
[EventDate "2015.10.03"]
[EventRounds "9"]
[EventCountry "RUS"]

1. e4 c5 2. Nf3 d6 3. d4 cxd4 4. Nxd4 Nf6 5. Nc3 a6 6. Be3 e6 7. Bd3 b5 8. f4
b4 9. Nb1 Bb7 10. Qf3 Nbd7 11. Nd2 e5 12. Nf5 g6 13. Ng3 Bg7 14. Nc4 Qc7 15.
O-O O-O 16. fxe5 dxe5 17. a3 a5 18. axb4 axb4 19. Bd2 Rxa1 20. Rxa1 b3 21. cxb3
Nc5 22. Ba5 Qd7 23. Bc2 Nfxe4 24. Nxe4 Nxe4 25. Rd1 Qc6 26. Bxe4 Qxe4 27. Qxe4
Bxe4 28. Re1 f5 29. Bc3 Rd8 30. b4 Kf7 31. Bxe5 Bxe5 32. Nxe5+ Kf6 33. Nc4 Rb8
34. Nd6 Rxb4 35. Nxe4+ fxe4 36. Re2 Ke5 37. Kf2 h5 38. Rc2 h4 39. Ke3 Rb3+ 40.
Rc3 Rxb2 41. Rc5+ Kf6 42. Rc6+ Kg5 43. Rc5+ Kh6 44. g3 Rxh2 45. Kxe4 h3 46. Kf3
Rh1 47. Kg4 Kg7 48. Rc7+ Kf6 49. Rh7 h2 50. Kh3 g5 51. Kg2 Ra1 52. Kxh2 Kf5 53.
Rf7+ Kg4 54. Rf2 Re1 55. Ra2 Kf3 56. Ra3+ Re3 57. Rxe3+ Kxe3 58. Kh3 Kf3 59. g4
Kf4 60. Kh2 Kxg4 61. Kg2 Kf4 62. Kf2 g4 63. Kg2 g3 64. Kg1 Kf3 65. Kf1 g2+ 66.
Kg1 Kg3 1/2-1/2

[Event "Chigorin Memorial"]
[Site "St Petersburg"]
[Date "2015.10.08"]
[Round "6.26"]
[White "Yandarbiev, Ruslan"]
[Black "Pridorozhni, Aleksei"]
[Result "1-0"]
[WhiteElo "2344"]
[BlackElo "2575"]
[PlyCount "113"]
[EventDate "2015.10.03"]
[EventRounds "9"]
[EventCountry "RUS"]

1. e4 d5 2. exd5 Qxd5 3. Nc3 Qd6 4. d4 Nf6 5. Nf3 a6 6. g3 Bg4 7. h3 Bh5 8. g4
Bg6 9. Ne5 Nc6 10. Nxg6 hxg6 11. Be3 O-O-O 12. g5 Nd5 13. Qg4+ e6 14. Nxd5 Qxd5
15. Bg2 Qb5 16. O-O-O Nb4 17. c3 Nd3+ 18. Kc2 Nxb2 19. Rb1 Ba3 20. d5 Rd6 21.
Rhd1 Rhd8 22. Bf1 Qa5 23. Rxb2 Bxb2 24. Kxb2 Rxd5 25. Rxd5 Qxd5 26. a4 Qf5 27.
Be2 Qxg4 28. hxg4 Rh8 29. Kb3 Kd7 30. a5 Kd6 31. Kb4 Rh1 32. Bc5+ Kd7 33. Bd3
Ra1 34. Bd4 Ra2 35. f3 Kd6 36. f4 Rd2 37. Be4 Re2 38. Bf3 Rb2+ 39. Ka4 b6 40.
axb6 cxb6 41. Bxg7 Kc5 42. Ka3 Rh2 43. Kb3 b5 44. Bd4+ Kd6 45. Be5+ Kd7 46. Kb4
Ra2 47. Kc5 Ra4 48. Kb6 Ra2 49. Bb7 a5 50. Bc6+ Ke7 51. Bxb5 a4 52. c4 a3 53.
c5 Rc2 54. Bf6+ Kf8 55. c6 a2 56. c7 Rc1 57. Kb7 1-0

[Event "Chigorin Memorial"]
[Site "St Petersburg"]
[Date "2015.10.08"]
[Round "6.27"]
[White "Karasev, Vladimir I"]
[Black "Tukhaev, Adam"]
[Result "1/2-1/2"]
[WhiteElo "2341"]
[BlackElo "2569"]
[PlyCount "138"]
[EventDate "2015.10.03"]
[EventRounds "9"]
[EventCountry "RUS"]

1. Nf3 Nf6 2. d4 g6 3. c4 Bg7 4. Nc3 O-O 5. e4 d6 6. Be2 Nbd7 7. O-O e5 8. Be3
Re8 9. d5 Nh5 10. g3 Bf8 11. b4 Ng7 12. Nd2 f5 13. f3 f4 14. Bf2 fxg3 15. hxg3
Nh5 16. Kh2 a5 17. bxa5 Rxa5 18. Nb3 Ra8 19. Qd2 Be7 20. a4 Rf8 21. Rh1 b6 22.
a5 Nc5 23. Nxc5 bxc5 24. Kg2 Rf7 25. Be3 Bf6 26. Ra3 Qe7 27. Nd1 Bg7 28. Nf2
Nf6 29. Nh3 Qf8 30. Ng5 Re7 31. Qa2 h6 32. Nh3 Ba6 33. Nf2 Rb8 34. Rb3 Ree8 35.
Rhb1 Rxb3 36. Qxb3 Ra8 37. Bd2 Qe8 38. Nd1 Kh7 39. Nc3 h5 40. Qa4 Qxa4 41. Nxa4
Bh6 42. Be1 Bc8 43. Ra1 Be3 44. Nc3 Bd4 45. Ra3 Bxc3 46. Bxc3 Ba6 47. Bd2 Rb8
48. Bg5 Kg7 49. Kf2 Nh7 50. Bd2 g5 51. Ra1 Kg6 52. Bd3 Nf6 53. Ke2 Rb2 54. Kd1
h4 55. Kc1 Rb8 56. gxh4 gxh4 57. Kc2 Rh8 58. Rg1+ Kf7 59. Rh1 h3 60. Rh2 Bc8
61. Bf1 Ng8 62. a6 Bxa6 63. Rxh3 Rxh3 64. Bxh3 Bxc4 65. Be6+ Kf8 66. Bxg8 Kxg8
67. Ba5 Kf7 68. Bxc7 Ke7 69. Kd2 Bf1 1/2-1/2

[Event "Chigorin Memorial"]
[Site "St Petersburg"]
[Date "2015.10.08"]
[Round "6.28"]
[White "Lintchevski, Daniil"]
[Black "Nechaev, Oleg"]
[Result "1-0"]
[WhiteElo "2562"]
[BlackElo "2330"]
[PlyCount "75"]
[EventDate "2015.10.03"]
[EventRounds "9"]
[EventCountry "RUS"]

1. Nf3 c5 2. c4 g6 3. e4 Nc6 4. d4 cxd4 5. Nxd4 Nf6 6. Nc3 d6 7. f3 Nxd4 8.
Qxd4 Bg7 9. Be3 O-O 10. Qd2 Qa5 11. Rc1 Be6 12. b3 Rfc8 13. Be2 a6 14. Na4
Qxd2+ 15. Kxd2 Nd7 16. g4 Rab8 17. Nc3 Ne5 18. Nd5 Kf8 19. Nb6 Rc7 20. Rhd1 Nc6
21. Ke1 Bb2 22. Rc2 Ba3 23. f4 f5 24. gxf5 gxf5 25. Bf3 Bc5 26. Kf2 a5 27. Rcd2
Nb4 28. e5 dxe5 29. fxe5 f4 30. Bxc5 Rxc5 31. Bd5 Nxd5 32. cxd5 Rb5 33. Nc4 Bg4
34. Rg1 h5 35. Rd4 Rd8 36. Rxf4+ Ke8 37. h3 Bxh3 38. e6 1-0

[Event "Chigorin Memorial"]
[Site "St Petersburg"]
[Date "2015.10.08"]
[Round "6.29"]
[White "Sichinava, Zviad"]
[Black "Iljiushenok, Ilia"]
[Result "0-1"]
[WhiteElo "2329"]
[BlackElo "2491"]
[PlyCount "76"]
[EventDate "2015.10.03"]
[EventRounds "9"]
[EventCountry "RUS"]

1. d4 Nf6 2. c4 g6 3. Nf3 Bg7 4. g3 O-O 5. Bg2 d6 6. O-O Nbd7 7. Nc3 e5 8. b3
Re8 9. Bb2 h6 10. Qc2 c6 11. Rad1 Qa5 12. a4 a6 13. Ba3 e4 14. Ne1 d5 15. f3
exf3 16. Bxf3 dxc4 17. bxc4 c5 18. Nd5 cxd4 19. Rxd4 Nxd5 20. Rxd5 Qb6+ 21. c5
Qc7 22. Nd3 Nf6 23. Rd6 Ne4 24. Bxe4 Rxe4 25. Bb2 Bxb2 26. Qxb2 Bh3 27. Rc1 Qe7
28. Rc2 Rxa4 29. Nf2 Bf5 30. Rcd2 Re8 31. e4 Be6 32. Qc3 Rc4 33. Qa5 Qg5 34.
Rd8 Rxd8 35. Rxd8+ Kh7 36. Rb8 Rxc5 37. Qb6 Bh3 38. Nxh3 Qe3+ 0-1

[Event "Chigorin Memorial"]
[Site "St Petersburg"]
[Date "2015.10.08"]
[Round "6.30"]
[White "Soffer, Ram"]
[Black "Biriukov, Oleg V"]
[Result "1-0"]
[WhiteElo "2479"]
[BlackElo "2323"]
[PlyCount "47"]
[EventDate "2015.10.03"]
[EventRounds "9"]
[EventCountry "RUS"]

1. e4 c5 2. Nf3 d6 3. Bb5+ Bd7 4. Bxd7+ Qxd7 5. c4 Nf6 6. Nc3 g6 7. d4 cxd4 8.
Nxd4 Bg7 9. b3 Nc6 10. Bb2 Qg4 11. Qxg4 Nxg4 12. Nxc6 bxc6 13. h3 Ne5 14. O-O-O
Nd7 15. f4 Bh6 16. g3 O-O 17. Kc2 Rfd8 18. Ba3 Bg7 19. e5 Nc5 20. Bxc5 dxc5 21.
Ne4 f6 22. e6 f5 23. Nxc5 Rd6 24. Rhe1 1-0

[Event "Chigorin Memorial"]
[Site "St Petersburg"]
[Date "2015.10.08"]
[Round "6.31"]
[White "Sedina, Elena"]
[Black "Ulko, Jaroslav"]
[Result "0-1"]
[WhiteElo "2322"]
[BlackElo "2467"]
[PlyCount "68"]
[EventDate "2015.10.03"]
[EventRounds "9"]
[EventCountry "RUS"]

1. e4 c5 2. Nf3 Nc6 3. Bb5 e6 4. O-O Nge7 5. Re1 a6 6. Bf1 Qc7 7. c3 d5 8. exd5
Nxd5 9. d4 cxd4 10. Nxd4 Bd6 11. Nxc6 bxc6 12. g3 O-O 13. c4 Ne7 14. Nc3 Rd8
15. Qh5 Nf5 16. Ne4 e5 17. Bg5 Be7 18. Rad1 f6 19. Rxd8+ Qxd8 20. Bc1 Nd4 21.
Be3 g6 22. Qd1 f5 23. Nc3 Rb8 24. Bxd4 exd4 25. Ne2 d3 26. Nd4 Qxd4 27. Rxe7
Rxb2 28. Re3 f4 29. Qxd3 Qxd3 30. Rxd3 Bf5 31. Ra3 f3 32. h3 Rb1 33. g4 Be6 34.
Rb3 Rc1 0-1